|
|
|
|
| LEADER |
00000nam a2200000 a 4500 |
| 001 |
UCL8826 |
| 003 |
CL-VaPUC |
| 008 |
040709e20030000CL |||||||||||||||||spa|d |
| 020 |
|
|
|a 9562825825
|
| 082 |
0 |
4 |
|a 303.62
|b GAR
|2 21
|
| 100 |
|
|
|a Garcés Durán, Mario Fernando
|e author
|9 540906
|
| 245 |
1 |
0 |
|a Crisis social y motines populares en el 1900
|
| 250 |
|
|
|a 2a. ed
|
| 300 |
|
|
|a 148 p
|
| 942 |
|
|
|c BK
|
| 945 |
|
|
|d 20040709 00:00:00
|a cmena
|
| 260 |
|
|
|a Santiago
|b LOM
|c 2003
|
| 650 |
|
7 |
|a MOVIMIENTOS DE PROTESTA
|2 CL-VaPUC
|9 338139
|
| 650 |
|
0 |
|a Movimientos sociales
|9 315241
|
| 650 |
|
0 |
|a Movimientos políticos
|9 338922
|
| 650 |
|
0 |
|a Problemas sociales
|9 258537
|
| 650 |
|
0 |
|a Historia social
|9 313638
|
| 651 |
|
7 |
|a CHILE
|2 CL-VaPUC
|9 486764
|
| 583 |
|
|
|a last modification
|c 20040709 00:00:00
|k Rodrigo Vera
|
| 490 |
0 |
|
|a Historia
|
| 999 |
|
|
|c 309933
|d 309931
|
| 952 |
|
|
|0 0
|1 0
|4 0
|6 303_620000000000000_GAR_2003
|7 0
|8 A
|9 377799
|a BIBHIS
|b BIBHIS
|d 2019-11-21
|i 4034848
|l 6
|m 5
|o 303.62 GAR 2003
|p 4034848
|r 2025-01-20
|s 2024-10-22
|w 2019-11-21
|y BK
|k HIS
|
| 952 |
|
|
|0 0
|1 0
|4 0
|6 303_620000000000000_GAR_2003
|7 0
|8 A
|9 377800
|a BIBHIS
|b BIBHIS
|d 2019-11-21
|i 4206150
|l 7
|o 303.62 GAR 2003
|p 4206150
|r 2025-01-20
|s 2024-11-04
|w 2019-11-21
|y BK
|k HIS
|
| 952 |
|
|
|0 0
|1 0
|4 0
|6 303_620000000000000_GAR_2003
|7 0
|8 X
|9 377801
|a FDOBUD
|b FDOBUD
|d 2019-11-21
|i 4587316
|o 303.62 GAR 2003
|p 4587316
|r 2019-11-21
|w 2019-11-21
|y BK_X
|k BUD
|